000 00274nam a2200109 4500
999 _c507366
_d507366
082 _aA45:T42/2011-12
100 _aBombay. Reserve Bank of India
_91493
245 _aAnnual report, 2011-12
260 _aMumbai
_bReserve Bank of India
_c2012
300 _a195p.
942 _2ddc